PREVENTION AND CONTROL OF SEWER SYSTEM OVER FLOWS / (Record no. 588679)
[ view plain ]
| 000 -LEADER | |
|---|---|
| fixed length control field | 00334nam a22001337a 4500 |
| 020 ## - INTERNATIONAL STANDARD BOOK NUMBER | |
| Qualifying information | HB. |
| 040 ## - CATALOGING SOURCE | |
| Transcribing agency | FIZZA ISHAQ |
| 082 ## - DEWEY DECIMAL CLASSIFICATION NUMBER | |
| Classification number | 628.21 |
| Author Mark | WEE |
| 100 ## - MAIN ENTRY--PERSONAL NAME | |
| Personal name | PRESS,WEE. |
| 9 (RLIN) | 90474 |
| 245 ## - TITLE STATEMENT | |
| Title | PREVENTION AND CONTROL OF SEWER SYSTEM OVER FLOWS / |
| Statement of responsibility, etc. | WEE PRESS. |
| 260 ## - PUBLICATION, DISTRIBUTION, ETC. | |
| Place of publication, distribution, etc. | MC GRAW HILL ; |
| Date of publication, distribution, etc. | 2011. |
| 300 ## - PHYSICAL DESCRIPTION | |
| Extent | 412 P. ; |
| 942 ## - ADDED ENTRY ELEMENTS (KOHA) | |
| Source of classification or shelving scheme | |
| Koha item type | Book |
| Withdrawn status | Lost status | Source of classification or shelving scheme | Damaged status | Not for loan | Permanent Location | Current Location | Date acquired | Total Checkouts | Full call number | Barcode | Date last seen | Price effective from | Koha item type |
|---|---|---|---|---|---|---|---|---|---|---|---|---|---|
| NUST Baluchistan Campus (NBC) | NUST Baluchistan Campus (NBC) | 03/08/2022 | 628.21 WEE | Q-2392 | 03/08/2022 | 03/08/2022 | Book |
